Statistics for Biggest Esports Orgs

Click here to take the quiz!

General Stats

  • This quiz has been taken 77 times
  • The average score is 35 of 53

Answer Stats

Answer% Correct
Team Liquid
97%
Cloud9
94%
FaZe Clan
94%
G2
94%
Natus Vincere
94%
NRG
94%
Fnatic
92%
T1
91%
100 Thieves
89%
Gen.G
84%
Vitality
83%
Edward Gaming
80%
Furia
80%
Optic Gaming
80%
Astralis
77%
BIG
77%
Envy
77%
Luminosity
77%
KOI
75%
KRÛ
75%
Evil Geniuses
73%
mibr
73%
Sentinels
72%
Complexity
70%
Karmine Corp
70%
Loud
70%
Dignitas
69%
Ninjas in Pyjamas
69%
SK Gaming
64%
DRX
63%
Gambit
63%
Team Secret
63%
Virtus.Pro
63%
FunPlus Phoenix
61%
BDS
59%
Heroic
58%
MOUZ
56%
Team Falcons
56%
Mad Lions
55%
Ence
53%
Spacestation Gaming
53%
Apeks
52%
Moist
52%
Version1
50%
Guild
47%
Bilibili Gaming
45%
Alliance
41%
Giants
34%
Solary
34%
Gamers First
33%
Elevate
30%
Tundra
28%
PWR
27%

Score Distribution

Percentile by Number Answered

Percent of People with Each Score

Your Score History

You have not taken this quiz